| 000 | 00647nam a2200253Ia 4500 | ||
|---|---|---|---|
| 005 | 20251020182501.0 | ||
| 008 | 200515s9999 xx 000 0 und d | ||
| 082 | _a624.947/H19 | ||
| 100 | _aBiondi, Ana [et al.] | ||
| 100 | _aHarmsen, Teodoro | ||
| 100 | _aRivva, Enrique | ||
| 245 | 0 | _aEstructuras y Construción | |
| 260 | _aLima | ||
| 260 | _bAci Perú | ||
| 260 | _c1999 | ||
| 300 | _a150 p. | ||
| 300 | _bil., tbl., graf. | ||
| 490 | _aI CONGRESO NACIONAL DE INGENIERÍA ESTRUCTURAL Y CONSTRUCCIÓN | ||
| 500 | _a1 ejemplar | ||
| 650 | _aESTRUCTURAS | ||
| 650 | _aESTRUCTURAS DE CONCRETO | ||
| 942 | _cLIB | ||
| 999 |
_c1157 _d1157 |
||